[Event "New York Int op"]
[Site "New York"]
[Date "2010.06.20"]
[Round "6"]
[White "Figler, Ilya"]
[Black "Bercys, Salvijus"]
[Result "1-0"]
[WhiteElo "2290"]
[BlackElo "2427"]
[PlyCount "49"]
[EventDate "2010.06.18"]
[EventType "swiss"]
[EventRounds "9"]
[EventCountry "USA"]
[SourceTitle "EXT 2015"]
[Source "ChessBase"]
[SourceDate "2014.11.20"]
[SourceVersion "1"]
[SourceVersionDate "2014.11.20"]
[SourceQuality "1"]

1. c4 e6 2. Nf3 Nf6 3. g3 d5 4. Bg2 Be7 5. 0-0 0-0 6. d4 c6 7. Qc2 b6 8. Nbd2 Ba6 9. b3 Nbd7 10. e4 Rc8 11. Bb2 c5 12. exd5 exd5 13. Rfd1 Re8 14. Qf5 dxc4 15. Nxc4 cxd4 16. Rxd4 Bxc4 17. bxc4 Qc7 18. Rad1 Nf8 19. Ng5 g6 20. Qh3 Nh5 21. Nxf7 Kxf7 22. Rd7 Qxd7 23. Rxd7 Nxd7 24. Bd5+ Kf8 25. Qe6 1-0

[Event "Washington Eastern op 35rd"]
[Site "Washington DC"]
[Date "2008.12.30"]
[Round "7"]
[White "Strenzwilk, Denis"]
[Black "Figler, Ilya"]
[Result "1/2-1/2"]
[WhiteElo "2066"]
[BlackElo "2322"]
[PlyCount "128"]
[EventDate "2008.12.27"]
[EventType "swiss"]
[EventRounds "7"]
[EventCountry "USA"]
[SourceTitle "CBM 128 Extra"]
[Source "ChessBase"]
[SourceDate "2009.03.05"]
[SourceVersion "2"]
[SourceVersionDate "2009.03.25"]
[SourceQuality "1"]

1. e4 c5 2. Nf3 e6 3. d4 cxd4 4. Nxd4 Bc5 5. Nb3 Bb6 6. Nc3 Nc6 7. Bd3 Nge7 8. 0-0 0-0 9. Qe2 f5 10. Be3 Bxe3 11. fxe3 d5 12. exd5 Nxd5 13. Nxd5 Qxd5 14. e4 Qe5 15. exf5 exf5 16. Bc4+ Kh8 17. Qxe5 Nxe5 18. Bd5 Rb8 19. Rae1 Ng6 20. c3 b6 21. Nd4 Bd7 22. Be6 Bxe6 23. Rxe6 f4 24. Rfe1 Kg8 25. Nc6 Rb7 26. Rd6 f3 27. gxf3 Nh4 28. Nd4 Nxf3+ 29. Nxf3 Rxf3 30. Re8+ Kf7 31. Re2 Re7 32. Rdd2 Rxe2 33. Rxe2 g5 34. c4 Rd3 35. Kg2 Rd1 36. Rc2 Ke6 37. Kg3 Kd6 38. b4 h5 39. Kf3 Rf1+ 40. Kg2 Rf5 41. Rc3 a5 42. a3 g4 43. h3 gxh3+ 44. Kxh3 a4 45. Kh4 Kc6 46. Kg3 Rg5+ 47. Kf4 Rg1 48. c5 Rb1 49. cxb6+ Kxb6 50. Rh3 Kb5 51. Ke4 Kc4 52. Rxh5 Re1+ 53. Kf4 Kb3 54. Rh3+ Ka2 55. Re3 Rb1 56. Ke4 Rb3 57. Kd4 Kxa3 58. b5 Ka2 59. Re2+ Kb1 60. Kc4 Rh3 61. b6 Rb3 62. Kc5 a3 63. Kc6 a2 64. Rxa2 Kxa2 1/2-1/2

[Event "Washington Eastern op 35rd"]
[Site "Washington DC"]
[Date "2008.12.29"]
[Round "5"]
[White "Studen, Damir"]
[Black "Figler, Ilya"]
[Result "1/2-1/2"]
[WhiteElo "2201"]
[BlackElo "2322"]
[PlyCount "55"]
[EventDate "2008.12.27"]
[EventType "swiss"]
[EventRounds "7"]
[EventCountry "USA"]
[SourceTitle "CBM 128 Extra"]
[Source "ChessBase"]
[SourceDate "2009.03.05"]
[SourceVersion "2"]
[SourceVersionDate "2009.03.25"]
[SourceQuality "1"]

1. d4 d5 2. Nf3 Nf6 3. g3 Bg4 4. Bg2 e6 5. c4 c6 6. 0-0 Nbd7 7. b3 Be7 8. Nbd2 a5 9. a3 b5 10. c5 h6 11. Bb2 0-0 12. b4 Qb8 13. Qb3 Bd8 14. Rfc1 Bf5 15. Ne5 Ra6 16. Nxd7 Nxd7 17. e4 dxe4 18. Nxe4 Bxe4 19. Bxe4 Nf6 20. Bg2 Bc7 21. Bc3 a4 22. Qb2 Qd8 23. Qe2 Qd7 24. Qf3 Nd5 25. Bd2 Raa8 26. Rf1 Rad8 27. Qg4 Kh8 28. Qf3 1/2-1/2

[Event "Foxwoods op 10th"]
[Site "Ledyard"]
[Date "2008.03.20"]
[Round "2"]
[White "Charbonneau, Pascal"]
[Black "Figler, Ilya"]
[Result "1-0"]
[WhiteElo "2496"]
[BlackElo "2332"]
[PlyCount "77"]
[EventDate "2008.03.19"]
[EventType "swiss"]
[EventRounds "9"]
[EventCountry "USA"]
[SourceTitle "CBM 123 Extra"]
[Source "ChessBase"]
[SourceDate "2008.05.06"]
[SourceVersion "1"]
[SourceVersionDate "2008.05.06"]
[SourceQuality "1"]

1. e4 c6 2. c4 e5 3. Nf3 Qa5 4. Nc3 Nf6 5. Be2 Bb4 6. Qc2 0-0 7. 0-0 d6 8. d3 Bxc3 9. bxc3 Bg4 10. Rb1 Nbd7 11. Nh4 Bxe2 12. Qxe2 Rab8 13. f4 Qxc3 14. Bb2 Qa5 15. Nf5 Rfe8 16. Kh1 Re6 17. Qf3 Qd8 18. Nxd6 exf4 19. Nf5 Qc7 20. Bc1 g5 21. Qh3 Kh8 22. g3 fxg3 23. Nxg3 Rg8 24. Bb2 Rg6 25. d4 Kg8 26. Qf5 Re7 27. Qf3 g4 28. Qf2 c5 29. e5 Qc6+ 30. d5 Nxd5 31. cxd5 Qxd5+ 32. Qg2 Qxg2+ 33. Kxg2 Rb6 34. Nf5 Re8 35. Bc3 Ree6 36. Rbd1 Nf8 37. Rd8 h5 38. Nd6 f6 39. Rxf6 1-0

[Event "New England Masters"]
[Site "Peabody"]
[Date "2007.08.14"]
[Round "2"]
[White "Figler, Ilya"]
[Black "Liu, Elliott"]
[Result "0-1"]
[WhiteElo "2321"]
[BlackElo "2260"]
[PlyCount "90"]
[EventDate "2007.08.13"]
[EventType "swiss"]
[EventRounds "9"]
[EventCountry "USA"]
[SourceTitle "CBM 119 Extra"]
[Source "ChessBase"]
[SourceDate "2007.09.04"]
[SourceVersion "1"]
[SourceVersionDate "2007.09.04"]
[SourceQuality "1"]

1. c4 g6 2. Nc3 Bg7 3. g3 e5 4. Bg2 d6 5. Nf3 f5 6. 0-0 Nc6 7. d3 Nf6 8. Bg5 h6 9. Bxf6 Qxf6 10. Rb1 Be6 11. Nd2 0-0 12. b4 Nd8 13. Nd5 Qf7 14. b5 c6 15. bxc6 bxc6 16. Nb4 Rc8 17. Qa4 d5 18. Qa5 e4 19. Rbc1 Rb8 20. cxd5 cxd5 21. Nb3 Qd7 22. Na6 Rb6 23. Nac5 Qe7 24. Nxe6 Qxe6 25. Nc5 Qf7 26. Na4 Rc6 27. e3 g5 28. dxe4 dxe4 29. Nc5 Ne6 30. Nxe6 Qxe6 31. Rxc6 Qxc6 32. Rb1 Rf7 33. Bh3 f4 34. exf4 gxf4 35. gxf4 e3 36. fxe3 Qg6+ 37. Kf2 Qxb1 38. Be6 Qc2+ 39. Kf3 Qd1+ 40. Kf2 Qc2+ 41. Kf1 Qb1+ 42. Kf2 Qb2+ 43. Kg3 Qf6 44. Qd5 Bf8 45. e4 Qxf4+ 0-1

[Event "Foxwoods op 09th"]
[Site "Connecticut"]
[Date "2007.04.05"]
[Round "3"]
[White "Mulyar, Michael A"]
[Black "Figler, Ilya"]
[Result "1/2-1/2"]
[WhiteElo "2362"]
[BlackElo "2341"]
[PlyCount "79"]
[EventDate "2007.04.04"]
[EventType "swiss"]
[EventRounds "9"]
[EventCountry "USA"]
[SourceTitle "CBM 117 Extra"]
[Source "ChessBase"]
[SourceDate "2007.05.09"]
[SourceVersion "1"]
[SourceVersionDate "2007.05.09"]
[SourceQuality "1"]

1. e4 c6 2. d4 d5 3. Nc3 dxe4 4. Nxe4 Bf5 5. Ng3 Bg6 6. h4 h6 7. Nf3 Nd7 8. h5 Bh7 9. Bd3 Bxd3 10. Qxd3 e6 11. Bf4 Qa5+ 12. Bd2 Bb4 13. c3 Be7 14. c4 Bb4 15. a3 Bxd2+ 16. Qxd2 Qxd2+ 17. Kxd2 Ngf6 18. Kc3 c5 19. dxc5 Nxc5 20. Rhe1 0-0 21. Ne5 Rfc8 22. b4 Ncd7 23. Nxd7 Nxd7 24. Ne4 b6 25. Rad1 Rc7 26. Kb3 Nf6 27. Nxf6+ gxf6 28. g4 Kf8 29. Rd4 Ke7 30. Red1 Rg8 31. R1d3 Rg5 32. Rf3 Rc6 33. Rdd3 Rc7 34. Rf4 Rc6 35. Rdf3 e5 36. Re4 Ke6 37. Rfe3 Rg8 38. Rd3 f5 39. gxf5+ Kxf5 40. f3 1/2-1/2

[Event "World op 34th"]
[Site "Philadelphia"]
[Date "2006.06.29"]
[Round "2"]
[White "Friedel, Joshua E"]
[Black "Figler, Ilya"]
[Result "1/2-1/2"]
[WhiteElo "2465"]
[BlackElo "2359"]
[PlyCount "130"]
[EventDate "2006.06.28"]
[EventType "swiss"]
[EventRounds "9"]
[EventCountry "USA"]
[SourceTitle "CBM 112 Extra"]
[Source "ChessBase"]
[SourceDate "2006.07.14"]
[SourceVersion "1"]
[SourceVersionDate "2006.07.14"]
[SourceQuality "1"]

1. e4 c6 2. d4 d5 3. exd5 cxd5 4. c4 Nf6 5. Nc3 e6 6. Nf3 Bb4 7. cxd5 Nxd5 8. Qc2 Nc6 9. Be2 Nf6 10. 0-0 h6 11. a3 Ba5 12. Rd1 0-0 13. Ne4 Bb6 14. Nc5 Qc7 15. Be3 Ng4 16. Rac1 Nxe3 17. fxe3 a5 18. Bb5 Ne7 19. Qe4 Qd8 20. Ne5 Bxc5 21. dxc5 Nd5 22. Bc4 Nf6 23. Qd4 Qc7 24. Bb5 a4 25. Nc4 e5 26. Qxe5 Qxe5 27. Nxe5 Ra5 28. Bc4 Be6 29. Bxe6 fxe6 30. Rd4 Nd5 31. e4 Nf4 32. Rd2 Rc8 33. Rdc2 Kh7 34. Kf2 Rb5 35. g3 Nh3+ 36. Ke3 Rb3+ 37. Nd3 Rd8 38. Rc3 Rb5 39. Rc4 Ra5 40. Rb4 Rd7 41. Rcc4 Ra8 42. Rxa4 Rf8 43. Nf4 Nxf4 44. gxf4 Rd1 45. Ra7 Rfd8 46. Rc3 R1d2 47. Rxb7 Rxh2 48. e5 Rh3+ 49. Ke4 Rxc3 50. bxc3 Rc8 51. Kd4 h5 52. a4 h4 53. a5 h3 54. Rb2 Kg6 55. a6 Kf5 56. Ra2 Kxf4 57. a7 Ra8 58. c6 g5 59. c7 g4 60. c8Q Rxc8 61. a8Q Rxa8 62. Rxa8 h2 63. Rf8+ Kg5 64. Rg8+ Kf4 65. Rf8+ Kg5 1/2-1/2

[Event "Virginia Beach Millennium op 6th"]
[Site "Virginia Beach"]
[Date "2005.02.27"]
[Round "4"]
[White "Figler, Ilya"]
[Black "Kaufman, Larry C"]
[Result "1/2-1/2"]
[WhiteElo "2354"]
[BlackElo "2365"]
[PlyCount "28"]
[EventDate "2005.02.25"]
[EventType "swiss"]
[EventRounds "5"]
[EventCountry "USA"]
[SourceTitle "CBM 105 Extra"]
[Source "ChessBase"]
[SourceDate "2005.05.01"]
[SourceVersion "1"]
[SourceVersionDate "2005.05.01"]
[SourceQuality "1"]

1. c4 Nf6 2. Nf3 g6 3. g3 Bg7 4. Bg2 0-0 5. 0-0 c6 6. d4 d6 7. Nc3 Qa5 8. h3 e5 9. e3 Be6 10. b3 Re8 11. Qd2 Qc7 12. Bb2 Bf5 13. Nh4 Bd7 14. f4 exd4 1/2-1/2

[Event "Virginia Beach Millennium op 6th"]
[Site "Virginia Beach"]
[Date "2005.02.27"]
[Round "5"]
[White "Panchanathan, Magesh Chandran"]
[Black "Figler, Ilya"]
[Result "1/2-1/2"]
[WhiteElo "2472"]
[BlackElo "2354"]
[PlyCount "89"]
[EventDate "2005.02.25"]
[EventType "swiss"]
[EventRounds "5"]
[EventCountry "USA"]
[SourceTitle "CBM 105 Extra"]
[Source "ChessBase"]
[SourceDate "2005.05.01"]
[SourceVersion "1"]
[SourceVersionDate "2005.05.01"]
[SourceQuality "1"]

1. e4 d5 2. exd5 Qxd5 3. Nf3 Bg4 4. Be2 Nc6 5. 0-0 e5 6. Nc3 Qd7 7. Re1 Nge7 8. h3 Bf5 9. Bb5 f6 10. d4 0-0-0 11. dxe5 Qxd1 12. Nxd1 Nb4 13. Ne3 Nxc2 14. Nxc2 Bxc2 15. e6 c6 16. Bc4 b5 17. Bb3 Bxb3 18. axb3 Kb7 19. Be3 Nc8 20. Bxa7 Bb4 21. Re4 c5 22. e7 Rde8 23. Rxb4 cxb4 24. Bc5 Kc6 25. Rc1 Kd5 26. Bxb4 Rxe7 27. Rxc8 Rxc8 28. Bxe7 Rc1+ 29. Kh2 Rc2 30. Kg3 Rxb2 31. b4 Ke4 32. Bc5 Rb3 33. Kh2 Rd3 34. h4 h5 35. Ng1 g5 36. Ne2 gxh4 37. Ng1 Rc3 38. Nf3 Kd5 39. Kh3 Rxc5 40. bxc5 Kxc5 41. Kxh4 Kc4 42. Nd2+ Kc3 43. Ne4+ Kd4 44. f3 b4 45. Kg3 1/2-1/2

[Event "Philadelphia National op 35th"]
[Site "Philadelphia"]
[Date "2004.11.28"]
[Round "6"]
[White "Kiriakov, Petr"]
[Black "Figler, Ilya"]
[Result "1-0"]
[WhiteElo "2555"]
[BlackElo "2380"]
[PlyCount "39"]
[EventDate "2004.11.26"]
[EventType "swiss"]
[EventRounds "6"]
[EventCountry "USA"]
[SourceTitle "CBM 103 Extra"]
[Source "ChessBase"]
[SourceDate "2005.01.01"]
[SourceVersion "1"]
[SourceVersionDate "2005.01.01"]
[SourceQuality "1"]

1. d4 d5 2. c4 dxc4 3. e3 Nf6 4. Bxc4 c5 5. Nf3 a6 6. Qa4+ Bd7 7. Ne5 e6 8. Nxd7 Nbxd7 9. Be2 cxd4 10. Qxd4 Nc5 11. Nc3 Qxd4 12. exd4 Nce4 13. Nxe4 Nxe4 14. Bf3 Bb4+ 15. Ke2 Nd6 16. Bf4 0-0-0 17. Rhd1 Kb8 18. Rd3 e5 19. dxe5 Nb5 20. Rad1 1-0

[Event "New York Masters 98th"]
[Site "New York"]
[Date "2004.04.20"]
[Round "3"]
[White "Klein, Erez"]
[Black "Figler, Ilya"]
[Result "1/2-1/2"]
[WhiteElo "2292"]
[BlackElo "2304"]
[PlyCount "137"]
[EventDate "2004.04.20"]
[EventType "swiss (rapid)"]
[EventRounds "4"]
[EventCountry "USA"]
[SourceTitle "CBM 099 Extra"]
[Source "ChessBase"]
[SourceDate "2004.05.04"]
[SourceVersion "1"]
[SourceVersionDate "2004.05.04"]
[SourceQuality "1"]

1. c4 Nf6 2. Nc3 e6 3. d4 Bb4 4. Qc2 c5 5. dxc5 Bxc5 6. Nf3 b6 7. Bf4 Bb7 8. e4 0-0 9. Be2 d5 10. Rd1 Qc8 11. e5 Ne4 12. 0-0 Nxc3 13. bxc3 h6 14. cxd5 Bxd5 15. Nd2 Nc6 16. Ne4 Nb4 17. Qb1 Nxa2 18. Bd2 b5 19. Nxc5 Qxc5 20. Be3 Qxc3 21. Rxd5 exd5 22. Qxa2 Qxe5 23. Bxb5 d4 24. Qb2 Rab8 25. Qxd4 Qxd4 26. Bxd4 Rxb5 27. Bxa7 Ra8 28. Be3 f5 29. g3 Kf7 30. Rc1 Re8 31. Kg2 Rb7 32. h4 Kg6 33. Rc6+ Kh5 34. Rc5 Rf7 35. Kh3 g5 36. hxg5 hxg5 37. Rxf5 Rxf5 38. g4+ Kg6 39. gxf5+ Kxf5 40. Kg3 Re7 41. Bc5 Re4 42. Be3 Ra4 43. Bc5 Rc4 44. Be3 Rc3 45. Kg2 Kg4 46. Bd4 Rc2 47. Be3 Kh4 48. Bd4 Rc4 49. Be5 Kg4 50. Bg3 Kf5 51. Kf3 Rc3+ 52. Kg2 Ke4 53. Bd6 Rc6 54. Bg3 Rf6 55. Bc7 Kd3 56. Kg3 Ke4 57. Bb8 Kf5 58. Bc7 Rc6 59. Ba5 Rc2 60. Bb6 Rc3+ 61. Be3 Ra3 62. Kg2 Rb3 63. Bd4 Kg4 64. Be3 Rb5 65. Bd4 Kf4 66. Be3+ Kg4 67. Bd4 Kh4 68. Bf6 Rd5 69. f4 1/2-1/2

[Event "Washington Eastern op"]
[Site "Washington DC"]
[Date "2003.12.29"]
[Round "8"]
[White "Kaufman, Larry C"]
[Black "Figler, Ilya"]
[Result "1/2-1/2"]
[WhiteElo "2391"]
[BlackElo "2328"]
[PlyCount "93"]
[EventDate "2003.12.26"]
[EventType "swiss"]
[EventRounds "8"]
[EventCountry "USA"]
[SourceTitle "CBM 097 Extra"]
[Source "ChessBase"]
[SourceDate "2004.01.13"]
[SourceVersion "1"]
[SourceVersionDate "2004.01.13"]
[SourceQuality "1"]

1. e4 e6 2. d4 d5 3. Nd2 dxe4 4. Nxe4 Nd7 5. Nf3 Ngf6 6. Nxf6+ gxf6 7. g3 b6 8. Bg2 Bb7 9. 0-0 c5 10. Re1 cxd4 11. Nxd4 Bxg2 12. Kxg2 Ne5 13. Bf4 Qd5+ 14. Nf3 Qxf3+ 15. Qxf3 Nxf3 16. Kxf3 0-0-0 17. Rad1 Bg7 18. b3 f5 19. Bg5 Rd7 20. c4 Bd4 21. Re2 f6 22. Bh6 e5 23. Red2 Rhd8 24. Be3 Bc3 25. Rxd7 Rxd7 26. Rxd7 Kxd7 27. c5 b5 28. g4 f4 29. c6+ Kxc6 30. Bxa7 b4 31. Ke4 Be1 32. f3 Bh4 33. Bg1 Be1 34. Kf5 Kd5 35. Bb6 Bh4 36. Ba7 Be1 37. Bg1 Bh4 38. Bb6 Be1 39. Bd8 Bh4 40. Bb6 Be1 41. h3 Bh4 42. Ba7 Be1 43. Bb8 Bh4 44. Ba7 Be1 45. Bb6 Bh4 46. Bg1 Bg3 47. Ba7 1/2-1/2

[Event "New York Marshall CC-ch 87th"]
[Site "New York"]
[Date "2003.12.13"]
[Round "7"]
[White "Stripunsky, Alexander"]
[Black "Figler, Ilya"]
[Result "0-1"]
[WhiteElo "2530"]
[BlackElo "2328"]
[PlyCount "68"]
[EventDate "2003.12.07"]
[EventType "swiss"]
[EventRounds "9"]
[EventCountry "USA"]
[SourceTitle "CBM 097 Extra"]
[Source "ChessBase"]
[SourceDate "2004.01.13"]
[SourceVersion "1"]
[SourceVersionDate "2004.01.13"]
[SourceQuality "1"]

1. e4 c6 2. d4 d5 3. exd5 cxd5 4. c4 Nf6 5. Nc3 e6 6. Nf3 Bb4 7. Bd3 dxc4 8. Bxc4 0-0 9. 0-0 b6 10. Bg5 Bb7 11. Rc1 Nbd7 12. Re1 Rc8 13. Qb3 Bxf3 14. Qxb4 Ba8 15. Nb5 h6 16. Bh4 a6 17. Nd6 a5 18. Qa3 Rc7 19. Bg3 Rc6 20. Bb5 Rxc1 21. Rxc1 Nh5 22. Rc3 Nxg3 23. hxg3 Nf6 24. f3 Qb8 25. Ba6 Nd5 26. Rc8 Rxc8 27. Nxc8 Nb4 28. Qa4 Nxa6 29. Qd7 Nb4 30. Kh2 Nc6 31. a3 Nxd4 32. Ne7+ Kf8 33. Nc8 Nc6 34. b4 Qb7 0-1

[Event "New York Marshall CC-ch 87th"]
[Site "New York"]
[Date "2003.12.10"]
[Round "4"]
[White "Privman, Boris"]
[Black "Figler, Ilya"]
[Result "1/2-1/2"]
[WhiteElo "2240"]
[BlackElo "2328"]
[PlyCount "22"]
[EventDate "2003.12.07"]
[EventType "swiss"]
[EventRounds "9"]
[EventCountry "USA"]
[SourceTitle "CBM 097 Extra"]
[Source "ChessBase"]
[SourceDate "2004.01.13"]
[SourceVersion "1"]
[SourceVersionDate "2004.01.13"]
[SourceQuality "1"]

1. d4 d5 2. c4 c6 3. cxd5 cxd5 4. Nf3 Nc6 5. Nc3 Nf6 6. Bf4 e6 7. e3 Bd6 8. Bxd6 Qxd6 9. Bd3 0-0 10. 0-0 Bd7 11. Rc1 Rfc8 1/2-1/2